KOHA-Header-6

Strategic Management And Business Policy (Record no. 7256)

000 -LEADER
fixed length control field 00255nam a2200109Ia 4500
020 ## - INTERNATIONAL STANDARD BOOK NUMBER
ISBN 978-0133878691
100 ## - MAIN ENTRY--AUTHOR NAME
Personal name Wheelen, Hunger
245 #0 - TITLE STATEMENT
Title Strategic Management And Business Policy
260 ## - PUBLICATION, DISTRIBUTION, ETC. (IMPRINT)
Place of publication USA
Name of publisher Prentice Hall
Year of publication 1995
300 ## - PHYSICAL DESCRIPTION
Number of Pages 1217
942 ## - ADDED ENTRY ELEMENTS (KOHA)
Koha item type Books
Holdings
Withdrawn status Lost status Collection code Permanent Location Current Location Shelving location Date acquired Full call number Accession Number Koha item type
    Management MAJU MAJU   2019-09-12 657.5 1028 Management

Powered by Koha